Billboard's 50 Greatest Rappers of All Time - Statistics

General Stats
  • This quiz has been taken 372 times
  • The average score is 20 of 50
Answer Stats
Rank Song Answer % Correct
5 Lose Yourself Eminem
97%
1 Empire State of Mind Jay-Z
96%
4 California Love 2Pac
95%
2 m.A.A.d city Kendrick Lamar
92%
17 In da Club 50 Cent
91%
8 One Dance Drake
91%
6 Hypnotize The Notorious B.I.G.
87%
9 Gin & Juice Snoop Dogg
85%
11 Stronger Kanye West
84%
18 It Was A Good Day Ice Cube
78%
3 N.Y. State of Mind Nas
75%
10 Starships Nicki Minaj
75%
40 The Next Episode Dr. Dre
74%
15 No Role Modelz J. Cole
73%
12 Hey Ya! André 3000
67%
35 Mask Off Future
65%
21 X Gon' Give It To Ya DMX
57%
7 Love Me Lil Wayne
55%
30 Doo-Wop (That Thing) Lauryn Hill
46%
14 Mama Said Knock You Out LL Cool J
39%
13 Eric B. Is President Rakim
37%
19 Work It Missy Elliott
30%
36 Ms. Fat Booty Yasiin Bey
29%
25 Da Rockwilder Method Man
24%
50 Aston Martin Music Rick Ross
24%
26 Still not a Player Big Pun
20%
32 Live Your Life T.I.
20%
38 Wake Up in the Sky Gucci Mane
20%
33 Woo-Hah!! Got You All in Check Busta Rhymes
19%
22 Gravel Pit Ghostface Killah
19%
44 U.N.I.T.Y. Queen Latifah
19%
24 Sound of da Police KRS-One
18%
45 Colors Ice-T
17%
31 Magic Stick Lil Kim
17%
39 My Chick Bad Ludacris
16%
27 Check the Rhime Q-Tip
16%
20 Ain't No Half-Steppin' Big Daddy Kane
14%
34 Bring the Noise Chuck D
13%
16 Smile Scarface
13%
29 Trouble on My Mind Pusha T
12%
42 Tonight's Da Night Redman
11%
28 What They Do Black Thought
10%
37 Invocation Common
10%
46 We Gonna Make It Jadakiss
10%
43 Trill Bun B
6%
49 Walk This Way Rev. Run
6%
23 Basketball Kurtis Blow
5%
41 Choices (Yup) E-40
4%
48 Freedom Melle Mel
4%
47 Paper Thin MC Lyte
3%
No matching quizzes found
Score Distribution
Percent of People with Each Score
Percentile by Number Answered
Your Score History
You have not taken this quiz